00253nam a2200109Ia 4500008004100000100001600041245003700057250000800094260002500102300000800127650000800135191201s2010 xx 000 0 und d aJOSEPH, P T 0aE Commerce An Indian Perspective aRep aNew DelhibPHIc2010 a546 aBBA